000 03104cam a22004578i 4500
001 9781003227878
003 FlBoTFG
005 20250131102540.0
006 m o d
007 cr |||||||||||
008 230618s2024 flu ob 000 0 eng
020 _a9781003227878
_q(ebook)
020 _a1003227872
020 _a9781000932287
_q(electronic bk. : PDF)
020 _a1000932281
_q(electronic bk. : PDF)
020 _a9781000932386
_q(electronic bk. : EPUB)
020 _a1000932389
_q(electronic bk. : EPUB)
020 _z9781032131450
_q(hardback)
020 _z9781032131467
_q(paperback)
024 7 _a10.1201/9781003227878
_2doi
040 _aKO
_beng
041 0 _aeng
082 0 0 _a627/.58
_223/eng/20230629
100 1 _aSchoonees, Koos,
_eauthor.
245 1 0 _aFundamentals of port engineering /
_cKoos Schoonees.
250 _aFirst edition.
264 1 _aBoca Raton :
_bCRC Press,
_c2024.
300 _a1 online resource
505 0 _aPorts, shipping, and maritime trade -- Environmental considerations -- Aspects of port management -- Port planning -- Ship motions, channels, and harbor areas -- Port equipment and infrastructure -- Conceptual design of port terminals -- Marine aids to navigation -- Dredging -- Asset management and maintenance of marine structures.
520 _a"Port engineering primarily deals with the design, construction, operation, management, and maintenance of ports, overlapping with many other disciplines. This book provides an introductory text to prospective (graduate) port engineers and presents a wide variety of port subjects for practicing engineers. It covers all topics related to port engineering in a fundamental way including dredging, aids to navigation, marinas, environmental issues, and dry bulk, general cargo, multi-purpose, Ro-Ro and, ferry terminals. Discussions targeted at a conceptual design level are augmented by examples and case studies. Features: Covers all aspects of port engineering including maritime trade, environmental aspects, port management, and so forth. Illustrates design of port terminals. Discusses site selection for a new port, the factors to be considered and ways to compare different potential port sites. Explores asset registers and individual asset maintenance plans. Includes case studies, examples, and practical and user-friendly guidelines. This book is aimed at graduate students in port engineering or more specifically: port design, port planning, terminal design, marinas, dredging, port maintenance, shipping and maritime trade, aids to navigation, and transport engineering"--
_cProvided by publisher.
650 0 _aCoastal engineering.
650 0 _aHarbors
_xDesign and construction.
650 0 _aHarbors
_xManagement.
650 7 _aTECHNOLOGY / Engineering / Civil
_2bisacsh
856 4 0 _3Taylor & Francis
_uhttps://www.taylorfrancis.com/books/9781003227878
856 4 2 _3OCLC metadata license agreement
_uhttp://www.oclc.org/content/dam/oclc/forms/terms/vbrl-201703.pdf
904 _aRUDRA_R
905 _aR_RANJAN
942 _2 ddc
_cEB
999 _c3138
_d3138